• 首页
  • 本馆介绍
  • 公告通知
  • 最新文献
  • 馆藏检索
  • 电子资源
  • 读者导购
  • 参考咨询
  • 我的图书馆
  • 登录
  • 详细信息显示
  • 放入我的书架
  • 预约/预借图书
  • 作者相关作品
  • 分类相关作品
  • 丛书相关作品
  • 出版社相关作品

书目信息

  • 表格格式
  • 工作单格式
  • 卡片格式
题名:
晶体管电视机故障维修
    
 
作者: 麦德林 著
分册:  
出版信息: 不详   无线电技术出版社  不详
页数: 286页
开本: 19cm
丛书名:
单 册:
中图分类: TN949.8
科图分类:
主题词: 电视--传真通信
电子资源:
ISBN:
000 00542nam0 2200193 45
001 0405181428
005 20040518145452.8
010    @dCNY0.95
100    @a20040518d不详 km y0chiy0120 ea
101 0  @achi
105    @a z 000yy
200 1  @a晶体管电视机故障维修@AJing Ti Guan Dian Shi Ji Gu Zhang Wei Xiu@f麦德林著@FMai De Lin Zhu
210    @a不详@c无线电技术出版社@d不详
215    @a286页@d19cm
606 0  @a电视@x传真通信
690    @aTN949.8@v3
701  0 @a麦德林@4著
801    @aCN@bTSTCL@c20040518
905    @f1@b73709@dTN949.8@e4
    
    晶体管电视机故障维修/麦德林著.-不详:无线电技术出版社,不详
    286页;19cm
    
    
    ISBN :CNY0.95
    
●
相关链接 在E读中查询图书 在五车中查询图书 在当当中查询图书 在豆瓣中查询图书


正题名:晶体管电视机故障维修     索取号:TN949.8/4         预约/预借

序号 登录号 条形码 馆藏地/架位号 状态 备注
1 0073709   001324953   第三借阅区/ [索取号:TN949.8/4] 在馆    
2 0073710   001324962   第二样本阅览室/ [索取号:TN949.8/4] 在馆    
唐山师范学院图书馆 欢迎您!
大连网信软件有限公司© 版权所有